00373nam a2200109Ia 4500008004100000082000800041100004100049245005700090942000600147952009500153999001500248240331s9999 xx 000 0 und d bREA aThe Reader's Digest Associationt. ed 4aThe reader's great encyclopaedic dictionary :bVol.1 cL 001040708LaWERCLbWERCLcSSCd2024-03-31l0o 030 REAp3250r2024-03-31w2024-03-31yL c3275d3275